000 00385cam a22001337a 4500
008 180718b1998 xxu||||| |||| 00| 0 eng d
082 _aT19 Se55
100 _aSen, Amartya
245 _aReason before identity: the Romanes lecture for 1998
_cby Amatya Sen
260 _aOxford
_bOxford Univ. Press
_c1998
300 _a31p.
650 _aGroup identity
650 _aEconomic development
999 _c390507
_d390507